[Event "Two Weekends Before Christmas"]
[Site "Edmonton CAN"]
[Date "2001.12.15"]
[Round "2"]
[White "Pua, Richard"]
[Black "Dewindt, Cor"]
[Result "1-0"]
[WhiteElo "1691"]
[BlackElo "1473"]
[PlyCount "141"]
[GameId "2160767911484797"]
[EventDate "2001.12.15"]
[EventType "swiss"]
[EventRounds "5"]
[EventCountry "CAN"]
[SourceTitle "EXT 2017"]
[Source "ChessBase"]
[SourceDate "2016.10.25"]
[SourceVersion "1"]
[SourceVersionDate "2016.10.25"]
[SourceQuality "1"]

1. d4 d5 2. c4 c6 3. Nf3 e6 4. e3 Nf6 5. Nc3 g6 6. Qc2 Bg7 7. Bd3 Nbd7 8. e4 dxe4 9. Nxe4 Nxe4 10. Bxe4 O-O 11. Bf4 Nf6 12. Bd3 b6 13. O-O-O Bb7 14. Rhe1 Nh5 15. Be3 Rc8 16. g4 Nf6 17. Ne5 Nd7 18. f4 b5 19. c5 Nf6 20. g5 Nd5 21. Kb1 Nb4 22. Qg2 Qd5 23. Qxd5 Nxd5 24. Be4 a5 25. Bxd5 exd5 26. Bf2 Rfe8 27. Re2 Bxe5 28. fxe5 Re6 29. Be3 Kg7 30. Rf2 Rf8 31. Rdf1 Re7 32. Kc2 Bc8 33. Bd2 Bf5+ 34. Kc1 Ra8 35. h4 a4 36. a3 Rd7 37. Be3 Rb7 38. Bd2 Re7 39. Kd1 Rd7 40. Ke1 Re7 41. Rg1 Re6 42. Rh2 Re7 43. h5 Rae8 44. hxg6 Bxg6 45. Rf1 Re6 46. Ba5 Ra8 47. Bb6 Rae8 48. Kd2 Ra8 49. Kc3 Rf8 50. Kb4 Re7 51. Rf4 Re6 52. Bc7 Rh8 53. Rfh4 Rhe8 54. Rf2 Ra8 55. Rhf4 Re7 56. Bd6 Rd7 57. Re2 Be4 58. Rf6 Bg6 59. e6 fxe6 60. Rexe6 Rf7 61. Be5 Rxf6 62. Bxf6+ Kf7 63. Rxc6 Bd3 64. Rd6 Bc4 65. Rd7+ Kg6 66. Rg7+ Kf5 67. Rxh7 Rg8 68. c6 Ke4 69. c7 Rc8 70. Be5 Kf5 71. Rh8 1-0

[Event "Two Weekends Before Christmas"]
[Site "Edmonton CAN"]
[Date "2001.12.15"]
[Round "3"]
[White "Brodmann, David"]
[Black "Bertrand, Daryl"]
[Result "1-0"]
[WhiteElo "1735"]
[BlackElo "1885"]
[PlyCount "65"]
[GameId "2160767911484798"]
[EventDate "2001.12.15"]
[EventType "swiss"]
[EventRounds "5"]
[EventCountry "CAN"]

1. e4 e5 2. Nf3 Nc6 3. Bb5 a6 4. Bxc6 dxc6 5. O-O Bg4 6. h3 h5 7. d3 Qf6 8. Nbd2 Ne7 9. Re1 Ng6 10. d4 exd4 11. hxg4 hxg4 12. e5 Qd8 13. e6 f5 14. e7 Bxe7 15. Ne5 Nf4 16. Ndc4 Nxg2 17. Kxg2 Qd5+ 18. f3 O-O-O 19. Bf4 Rh3 20. Ng6 Bf6 21. Nce5 Re8 22. c4 Qg8 23. Qd3 Qh7 24. Qxf5+ Kb8 25. Qxg4 Bxe5 26. Rxe5 Rxe5 27. Bxe5 Rh6 28. Ne7 Qc2+ 29. Kg1 Qe2 30. Qc8+ Ka7 31. Bxd4+ c5 32. Bxc5+ b6 33. Qxc7+ 1-0

[Event "Two Weekends Before Christmas"]
[Site "Edmonton CAN"]
[Date "2001.12.15"]
[Round "3"]
[White "Day, Jonathan"]
[Black "Deimert, Elroy"]
[Result "1-0"]
[WhiteElo "1806"]
[BlackElo "1722"]
[PlyCount "91"]
[GameId "2160767911484799"]
[EventDate "2001.12.15"]
[EventType "swiss"]
[EventRounds "5"]
[EventCountry "CAN"]
[SourceTitle "EXT 2017"]
[Source "ChessBase"]
[SourceDate "2016.10.25"]
[SourceVersion "1"]
[SourceVersionDate "2016.10.25"]
[SourceQuality "1"]

1. e4 Nf6 2. Nc3 d5 3. e5 Ng4 4. Nf3 c5 5. h3 Nh6 6. Ne2 e6 7. g4 Be7 8. d3 Qc7 9. Bf4 b6 10. Qd2 Bb7 11. Bg2 Ng8 12. O-O-O Nc6 13. Kb1 d4 14. Ng3 Nb4 15. Qe2 Nd5 16. Bc1 a5 17. Rhg1 a4 18. Bd2 b5 19. Nh5 g6 20. Nf4 Nb6 21. Bc1 b4 22. Nd2 Bxg2 23. Nxg2 a3 24. b3 Nd5 25. Ne4 f5 26. exf6 Ngxf6 27. Nxf6+ Bxf6 28. Qxe6+ Ne7 29. Qxf6 O-O-O 30. Bf4 Qb7 31. Qe6+ Rd7 32. Be5 Rf8 33. Nf4 g5 34. Nh5 Nd5 35. Rd2 Kd8 36. Nf6 Nxf6 37. Bxf6+ Kc8 38. Re2 Kb8 39. Re4 Rdf7 40. Qd6+ Ka8 41. Re6 h6 42. Rge1 Rc8 43. Re8 Rxe8 44. Rxe8+ Ka7 45. Qxc5+ Ka6 46. Re6+ 1-0

[Event "Two Weekends Before Christmas"]
[Site "Edmonton CAN"]
[Date "2001.12.15"]
[Round "3"]
[White "Gardner, Robert"]
[Black "Hughey, Micah"]
[Result "1-0"]
[WhiteElo "2266"]
[BlackElo "2140"]
[PlyCount "57"]
[GameId "2160767911484800"]
[EventDate "2001.12.15"]
[EventType "swiss"]
[EventRounds "5"]
[EventCountry "CAN"]
[SourceTitle "EXT 2017"]
[Source "ChessBase"]
[SourceDate "2016.10.25"]
[SourceVersion "1"]
[SourceVersionDate "2016.10.25"]
[SourceQuality "1"]

1. e4 e5 2. Nf3 d6 3. d4 exd4 4. Nxd4 Nf6 5. Bd3 Be7 6. O-O O-O 7. c4 Nbd7 8. Nc3 Ne5 9. Be2 c6 10. f4 Ned7 11. Be3 Nc5 12. Bf3 a5 13. g4 Be6 14. b3 Kh8 15. Qe2 d5 16. exd5 cxd5 17. f5 Bd7 18. Nxd5 Nxd5 19. Bxd5 h6 20. Qd2 Bf6 21. Rf3 Kg8 22. Rd1 Re8 23. Ne2 Qe7 24. Ng3 Ra7 25. Nh5 Be5 26. f6 gxf6 27. h3 b6 28. Qf2 Bc8 29. Bxh6 1-0

[Event "Two Weekends Before Christmas"]
[Site "Edmonton CAN"]
[Date "2001.12.15"]
[Round "3"]
[White "Gomboc, Dave"]
[Black "Milward, David"]
[Result "1/2-1/2"]
[WhiteElo "1935"]
[BlackElo "1760"]
[PlyCount "39"]
[GameId "2160767911484801"]
[EventDate "2001.12.15"]
[EventType "swiss"]
[EventRounds "5"]
[EventCountry "CAN"]

1. e4 g6 2. d4 Bg7 3. c4 d6 4. Nc3 Nf6 5. f4 O-O 6. Nf3 c5 7. d5 e6 8. Be2 exd5 9. cxd5 Re8 10. e5 Ng4 11. O-O a6 12. a4 dxe5 13. fxe5 Nxe5 14. Bf4 Nbd7 15. Nxe5 Bxe5 16. Qd2 Qe7 17. Rf3 Bd4+ 18. Kh1 Ne5 19. Rg3 Qh4 20. Bg5 1/2-1/2

[Event "Two Weekends Before Christmas"]
[Site "Edmonton CAN"]
[Date "2001.12.15"]
[Round "3"]
[White "Newton, Geoff"]
[Black "Deimert, David"]
[Result "1-0"]
[WhiteElo "1981"]
[BlackElo "1349"]
[PlyCount "105"]
[GameId "2160767911484802"]
[EventDate "2001.12.15"]
[EventType "swiss"]
[EventRounds "5"]
[EventCountry "CAN"]
[SourceTitle "EXT 2017"]
[Source "ChessBase"]
[SourceDate "2016.10.25"]
[SourceVersion "1"]
[SourceVersionDate "2016.10.25"]
[SourceQuality "1"]

1. e4 c5 2. Nc3 d6 3. g3 g6 4. Bg2 Bg7 5. d3 Nc6 6. Be3 Nf6 7. Nge2 Bg4 8. f3 Be6 9. Qd2 O-O 10. Bh6 d5 11. Bxg7 Kxg7 12. exd5 Bxd5 13. Ne4 Bxe4 14. fxe4 Nd4 15. O-O-O Qc7 16. Nf4 Rfd8 17. Nd5 Nxd5 18. exd5 Rd6 19. g4 Qd7 20. c3 Nb5 21. h4 Qxg4 22. h5 Nc7 23. hxg6 Rxg6 24. Be4 f5 25. Qh2 Qg5+ 26. Kb1 h6 27. Bxf5 Qxf5 28. Qxc7 Qxd5 29. Qxe7+ Kh8 30. Qe3 Qd6 31. Rh5 Rd8 32. Qxc5 Qxc5 33. Rxc5 Rd7 34. Rd2 b6 35. Rh5 Kg7 36. Kc2 Rg5 37. Rhh2 h5 38. Rde2 Kg6 39. Re6+ Kg7 40. d4 Rg6 41. Re5 Rh6 42. Rexh5 Rxh5 43. Rxh5 Rf7 44. Rh2 Kf8 45. Re2 Rd7 46. Kd3 b5 47. b3 Rf7 48. c4 bxc4+ 49. bxc4 Rf3+ 50. Ke4 Rc3 51. Kd5 Rh3 52. c5 Rh5+ 53. Kc4 1-0

[Event "Two Weekends Before Christmas"]
[Site "Edmonton CAN"]
[Date "2001.12.15"]
[Round "3"]
[White "Yearwood, Roy"]
[Black "Huber, Gregory"]
[Result "0-1"]
[WhiteElo "2088"]
[BlackElo "2336"]
[PlyCount "58"]
[GameId "2160767911484803"]
[EventDate "2001.12.15"]
[EventType "swiss"]
[EventRounds "5"]
[EventCountry "CAN"]
[SourceTitle "EXT 2017"]
[Source "ChessBase"]
[SourceDate "2016.10.25"]
[SourceVersion "1"]
[SourceVersionDate "2016.10.25"]
[SourceQuality "1"]

1. d4 c5 2. c3 e6 3. Nf3 d5 4. Bf4 Nc6 5. e3 Nf6 6. Nbd2 Be7 7. Bd3 O-O 8. Ne5 Nxe5 9. dxe5 Ne8 10. Qh5 f5 11. Nf3 g6 12. Qh6 Rf7 13. Ng5 Rg7 14. g4 Qb6 15. O-O-O Qa5 16. gxf5 exf5 17. Kb1 b5 18. Rhg1 b4 19. c4 Bxg5 20. Bxg5 Be6 21. cxd5 Bxd5 22. b3 c4 23. bxc4 b3 24. axb3 Qc3 25. Ka2 Rb8 26. Rb1 Rb6 27. cxd5 Qxd3 28. e4 Qc2+ 29. Ka3 Ra6+ 0-1

[Event "Two Weekends Before Christmas"]
[Site "Edmonton CAN"]
[Date "2001.12.16"]
[Round "4"]
[White "Deimert, David"]
[Black "Kazakevich, Alexander"]
[Result "0-1"]
[WhiteElo "1349"]
[BlackElo "1689"]
[PlyCount "80"]
[GameId "2160767911484804"]
[EventDate "2001.12.15"]
[EventType "swiss"]
[EventRounds "5"]
[EventCountry "CAN"]
[SourceTitle "EXT 2017"]
[Source "ChessBase"]
[SourceDate "2016.10.25"]
[SourceVersion "1"]
[SourceVersionDate "2016.10.25"]
[SourceQuality "1"]

1. e4 d5 2. exd5 Qxd5 3. Nc3 Qa5 4. Nf3 Bg4 5. Bb5+ c6 6. Bc4 e6 7. d3 Nf6 8. O-O Bd6 9. Qe2 Nbd7 10. h3 Bh5 11. Re1 O-O-O 12. Bg5 Bxf3 13. Qe3 Bd5 14. Bb3 h6 15. Bh4 g5 16. Bg3 Bxg3 17. Qxg3 Qc7 18. Qxc7+ Kxc7 19. Re3 Bxb3 20. axb3 a6 21. Rae1 Nd5 22. Nxd5+ cxd5 23. Rf3 Rhf8 24. d4 b5 25. c3 Kd6 26. Rfe3 Rc8 27. Ra1 Ra8 28. Ra5 Nf6 29. Re1 Ne8 30. g3 Nc7 31. Kg2 f5 32. Rh1 h5 33. f4 gxf4 34. gxf4 Rg8+ 35. Kf2 h4 36. Raa1 Rg6 37. Rhg1 Rag8 38. Rxg6 Rxg6 39. Rg1 Rxg1 40. Kxg1 b4 0-1

[Event "Two Weekends Before Christmas"]
[Site "Edmonton CAN"]
[Date "2001.12.16"]
[Round "4"]
[White "Deimert, Elroy"]
[Black "Bertrand, Daryl"]
[Result "0-1"]
[WhiteElo "1722"]
[BlackElo "1885"]
[PlyCount "54"]
[GameId "2160767911484805"]
[EventDate "2001.12.15"]
[EventType "swiss"]
[EventRounds "5"]
[EventCountry "CAN"]
[SourceTitle "EXT 2017"]
[Source "ChessBase"]
[SourceDate "2016.10.25"]
[SourceVersion "1"]
[SourceVersionDate "2016.10.25"]
[SourceQuality "1"]

1. e4 e5 2. Nf3 Nc6 3. Bc4 Nf6 4. Ng5 d5 5. exd5 Na5 6. Bb5+ c6 7. dxc6 bxc6 8. Be2 h6 9. Nf3 e4 10. Ne5 Qd4 11. f4 Nd5 12. c3 Qb6 13. g3 Bc5 14. d4 exd3 15. Nxd3 Ne3 16. Bxe3 Bxe3 17. Nd2 Bh3 18. Bf3 O-O-O 19. Qc2 Rxd3 20. Qxd3 Rd8 21. Qc2 Bxd2+ 22. Qxd2 Rxd2 23. Kxd2 Nc4+ 24. Kd3 Bf5+ 25. Kxc4 Qb5+ 26. Kd4 Qd3+ 27. Ke5 f6# 0-1

[Event "Two Weekends Before Christmas"]
[Site "Edmonton CAN"]
[Date "2001.12.16"]
[Round "4"]
[White "Huber, Gregory"]
[Black "Gardner, Robert"]
[Result "1/2-1/2"]
[WhiteElo "2336"]
[BlackElo "2266"]
[PlyCount "105"]
[GameId "2160767911484806"]
[EventDate "2001.12.15"]
[EventType "swiss"]
[EventRounds "5"]
[EventCountry "CAN"]
[SourceTitle "EXT 2017"]
[Source "ChessBase"]
[SourceDate "2016.10.25"]
[SourceVersion "1"]
[SourceVersionDate "2016.10.25"]
[SourceQuality "1"]

1. e4 d5 2. exd5 Nf6 3. d4 Bg4 4. Be2 Bxe2 5. Qxe2 Qxd5 6. Nf3 Nc6 7. O-O O-O-O 8. Rd1 e6 9. c4 Qh5 10. Nc3 Bd6 11. c5 Be7 12. b4 e5 13. dxe5 Rxd1+ 14. Nxd1 Ng4 15. Bf4 Qf5 16. Bg3 Nxb4 17. Qb5 Qe4 18. Nc3 a6 19. Qa4 Qc4 20. a3 Qxc3 21. axb4 h5 22. b5 Rh6 23. h3 Qxc5 24. hxg4 Qxb5 25. Qxb5 axb5 26. gxh5 Rxh5 27. Rc1 c5 28. e6 fxe6 29. Nd4 Kd7 30. Nxb5 Kc6 31. Nd4+ Kd5 32. Ne2 e5 33. Rb1 Kc6 34. Nc3 c4 35. f3 Bc5+ 36. Bf2 Bd4 37. Nb5 Bxf2+ 38. Kxf2 Rh8 39. Na3 Kc5 40. Rxb7 Ra8 41. Nb1 Ra2+ 42. Kg3 g6 43. Nc3 Ra3 44. Rb5+ Kc6 45. Nb1 Kxb5 46. Nxa3+ Kb4 47. Nc2+ Kc3 48. Ne3 Kd3 49. Kf2 c3 50. g4 g5 51. Nd5 e4 52. fxe4 Kxe4 53. Nxc3+ 1/2-1/2

[Event "Two Weekends Before Christmas"]
[Site "Edmonton CAN"]
[Date "2001.12.16"]
[Round "4"]
[White "Hughey, Micah"]
[Black "Day, Jonathan"]
[Result "1-0"]
[WhiteElo "2140"]
[BlackElo "1806"]
[PlyCount "53"]
[GameId "2160767911484807"]
[EventDate "2001.12.15"]
[EventType "swiss"]
[EventRounds "5"]
[EventCountry "CAN"]
[SourceTitle "EXT 2017"]
[Source "ChessBase"]
[SourceDate "2016.10.25"]
[SourceVersion "1"]
[SourceVersionDate "2016.10.25"]
[SourceQuality "1"]

1. Nf3 Nf6 2. d4 g6 3. Nbd2 Bg7 4. e4 d6 5. Bc4 Nbd7 6. Bxf7+ Kf8 7. Ng5 Nb6 8. Ne6+ Bxe6 9. Bxe6 c6 10. e5 dxe5 11. dxe5 Qc7 12. exf6 Qe5+ 13. Qe2 Qxe2+ 14. Kxe2 exf6 15. b3 Bh6 16. Re1 Bxd2 17. Bxd2 Re8 18. Kf3 Kg7 19. a4 h5 20. a5 Nd5 21. Bxd5 cxd5 22. Rxe8 Rxe8 23. Re1 Re5 24. Rxe5 fxe5 25. c4 dxc4 26. bxc4 Kf6 27. Ke4 1-0

[Event "Two Weekends Before Christmas"]
[Site "Edmonton CAN"]
[Date "2001.12.16"]
[Round "4"]
[White "Milward, David"]
[Black "Kazakevich, Anastasia"]
[Result "0-1"]
[WhiteElo "1760"]
[BlackElo "1668"]
[PlyCount "70"]
[GameId "2160767911484808"]
[EventDate "2001.12.15"]
[EventType "swiss"]
[EventRounds "5"]
[EventCountry "CAN"]

1. e4 d5 2. exd5 Qxd5 3. Nc3 Qa5 4. Nf3 Nf6 5. Be2 Bg4 6. O-O e6 7. d4 Be7 8. Be3 O-O 9. Ne5 Bxe2 10. Qxe2 c6 11. Rad1 Nbd7 12. f4 Qc7 13. Kh1 Rad8 14. Rd2 Bb4 15. a3 Bxc3 16. bxc3 c5 17. Nxd7 Nxd7 18. f5 e5 19. f6 Nxf6 20. Rxf6 gxf6 21. Bh6 Kh8 22. Qf3 Qe7 23. d5 Rg8 24. c4 Rg6 25. Be3 b6 26. h4 Rd6 27. h5 Rg8 28. Bf2 Qd7 29. Bh4 f5 30. Rf2 f4 31. Kh2 f6 32. g3 fxg3+ 33. Bxg3 Qg4 34. h6 Qxf3 35. Rxf3 Rg6 0-1

[Event "Two Weekends Before Christmas"]
[Site "Edmonton CAN"]
[Date "2001.12.16"]
[Round "5"]
[White "Deimert, David"]
[Black "Milward, David"]
[Result "0-1"]
[WhiteElo "1349"]
[BlackElo "1760"]
[PlyCount "70"]
[GameId "2160767911484810"]
[EventDate "2001.12.15"]
[EventType "swiss"]
[EventRounds "5"]
[EventCountry "CAN"]

1. e4 c5 2. Nf3 d6 3. d4 cxd4 4. Nxd4 Nf6 5. Nc3 g6 6. Be3 Bg7 7. f3 O-O 8. Qd2 Nc6 9. O-O-O d5 10. exd5 Nxd5 11. h4 Nxe3 12. Qxe3 Qb6 13. Nce2 e5 14. h5 exd4 15. Qe4 Bf5 16. Qh4 d3 17. hxg6 Qxb2+ 18. Kd2 Qxc2+ 19. Ke1 Bxg6 20. Rd2 Qb1+ 21. Rd1 Qb4+ 22. Rd2 Qxh4+ 23. Rxh4 dxe2 24. Bxe2 Bc3 25. Kd1 Bxd2 26. Kxd2 Rad8+ 27. Kc3 Rfe8 28. Bc4 Re3+ 29. Kb2 Rd2+ 30. Kc1 Rxg2 31. Kd1 Bc2+ 32. Kc1 Re1+ 33. Kb2 Bd3+ 34. Kc3 Bxc4 35. Kxc4 Ne5+ 0-1

[Event "Two Weekends Before Christmas"]
[Site "Edmonton CAN"]
[Date "2001.12.16"]
[Round "5"]
[White "Gardner, Robert"]
[Black "Yearwood, Roy"]
[Result "1-0"]
[WhiteElo "2266"]
[BlackElo "2088"]
[PlyCount "47"]
[GameId "2160767911484811"]
[EventDate "2001.12.15"]
[EventType "swiss"]
[EventRounds "5"]
[EventCountry "CAN"]
[SourceTitle "EXT 2017"]
[Source "ChessBase"]
[SourceDate "2016.10.25"]
[SourceVersion "1"]
[SourceVersionDate "2016.10.25"]
[SourceQuality "1"]

1. e4 c5 2. Nf3 d6 3. d4 cxd4 4. Nxd4 Nf6 5. Nc3 g6 6. Be3 Bg7 7. f3 Nc6 8. Qd2 O-O 9. O-O-O d5 10. exd5 Nxd5 11. Nxc6 bxc6 12. Bd4 e5 13. Bc5 Be6 14. Ne4 Nb6 15. Bxf8 Qxf8 16. Kb1 Nd5 17. g4 Rb8 18. c4 Nb6 19. Qc2 Qe7 20. g5 Bf5 21. h4 Qb4 22. a3 Qa5 23. Ka1 Na4 24. b4 1-0

[Event "Two Weekends Before Christmas"]
[Site "Edmonton CAN"]
[Date "2001.12.16"]
[Round "5"]
[White "Hughey, Micah"]
[Black "Huber, Gregory"]
[Result "1-0"]
[WhiteElo "2140"]
[BlackElo "2336"]
[PlyCount "45"]
[GameId "2160767911484812"]
[EventDate "2001.12.15"]
[EventType "swiss"]
[EventRounds "5"]
[EventCountry "CAN"]
[SourceTitle "EXT 2017"]
[Source "ChessBase"]
[SourceDate "2016.10.25"]
[SourceVersion "1"]
[SourceVersionDate "2016.10.25"]
[SourceQuality "1"]

1. d4 b5 2. e4 Bb7 3. Bd3 e6 4. Qe2 a6 5. Nf3 c5 6. c3 Nf6 7. O-O Be7 8. Re1 d6 9. Bf4 Nc6 10. Nbd2 O-O 11. d5 exd5 12. exd5 Nxd5 13. Bxh7+ Kh8 14. Bg3 g6 15. Qd3 Kxh7 16. Qxd5 Qd7 17. Ne4 Rad8 18. Bxd6 f6 19. Rad1 Nd4 20. Qxc5 Bxe4 21. Bxe7 Qg4 22. Rxd4 Rxd4 23. Qxd4 1-0

[Event "Two Weekends Before Christmas"]
[Site "Edmonton CAN"]
[Date "2001.12.16"]
[Round "5"]
[White "Johnson, Dean"]
[Black "Deimert, Elroy"]
[Result "0-1"]
[WhiteElo "1578"]
[BlackElo "1722"]
[PlyCount "52"]
[GameId "2160767911484813"]
[EventDate "2001.12.15"]
[EventType "swiss"]
[EventRounds "5"]
[EventCountry "CAN"]
[SourceTitle "EXT 2017"]
[Source "ChessBase"]
[SourceDate "2016.10.25"]
[SourceVersion "1"]
[SourceVersionDate "2016.10.25"]
[SourceQuality "1"]

1. d4 Nf6 2. c4 g6 3. Nf3 Bg7 4. Nc3 O-O 5. e4 d6 6. Be3 e5 7. h3 Nc6 8. d5 Ne7 9. c5 Nd7 10. cxd6 cxd6 11. Bd3 f5 12. Ng5 Nf6 13. O-O f4 14. Bd2 h6 15. Nf3 g5 16. Nh2 Ng6 17. Be2 Nh4 18. f3 h5 19. Be1 Ng6 20. Qd2 h4 21. Ng4 Nh5 22. Kf2 Qb6+ 23. Ne3 Ng3 24. Na4 fxe3+ 25. Qxe3 Qxe3+ 26. Kxe3 Nxf1+ 0-1

[Event "Two Weekends Before Christmas"]
[Site "Edmonton CAN"]
[Date "2001.12.16"]
[Round "5"]
[White "Kazakevich, Anastasia"]
[Black "Ottosen, David"]
[Result "0-1"]
[WhiteElo "1668"]
[BlackElo "2083"]
[PlyCount "100"]
[GameId "2160767911484814"]
[EventDate "2001.12.15"]
[EventType "swiss"]
[EventRounds "5"]
[EventCountry "CAN"]
[SourceTitle "EXT 2017"]
[Source "ChessBase"]
[SourceDate "2016.10.25"]
[SourceVersion "1"]
[SourceVersionDate "2016.10.25"]
[SourceQuality "1"]

1. e4 c5 2. d4 cxd4 3. c3 dxc3 4. Nxc3 Nc6 5. Nf3 d6 6. h3 a6 7. Bc4 e6 8. O-O b5 9. Bb3 Ra7 10. Be3 Rd7 11. Qe2 Be7 12. Rac1 Bb7 13. Rfd1 Nf6 14. Bf4 O-O 15. e5 dxe5 16. Nxe5 Nxe5 17. Bxe5 Nd5 18. Nxd5 Bxd5 19. Qg4 Bf6 20. f4 Bxe5 21. fxe5 Bxb3 22. axb3 Qb6+ 23. Kh1 Rxd1+ 24. Rxd1 Qe3 25. Rd6 Qxe5 26. Rxa6 Rc8 27. Qd1 Qxb2 28. Rd6 g6 29. Rd8+ Rxd8 30. Qxd8+ Kg7 31. Qd3 b4 32. Kh2 Qc3 33. Qd1 e5 34. g4 e4 35. h4 e3 36. Kh1 Qd2 37. Qa1+ Kh6 38. Qa8 Qe1+ 39. Kg2 Qf2+ 40. Kh3 Qf1+ 41. Kh2 Kg7 42. Qe4 Qf2+ 43. Kh3 h6 44. Qd4+ Kh7 45. h5 Qf3+ 46. Kh2 e2 47. hxg6+ Kxg6 48. Qd6+ Qf6 49. Qxb4 Qf2+ 50. Kh3 e1=Q 0-1

[Event "Unamaki op"]
[Site "Nova Scotia CAN"]
[Date "2001.08.06"]
[Round "6"]
[White "Mayo, Alvah"]
[Black "Cooper, Aaron"]
[Result "0-1"]
[WhiteElo "2204"]
[BlackElo "2094"]
[PlyCount "98"]
[GameId "2160767911555320"]
[EventDate "2001.08.04"]
[EventType "swiss"]
[EventRounds "6"]
[EventCountry "CAN"]
[SourceTitle "CFC 2001.10"]
[Source "CFC"]
[SourceDate "2001.10.??"]
[SourceVersionDate "2001.10.??"]
[SourceQuality "1"]

1. d4 Nf6 2. Nc3 d5 3. Bg5 Bf5 4. f3 Nc6 5. e4 dxe4 6. Bxf6 exf6 7. fxe4 Bg6 8. Bb5 Bb4 9. Qd3 Qe7 10. O-O-O O-O 11. Nd5 Qd6 12. Qc4 Ba5 13. Bxc6 bxc6 14. Qxc6 Rfe8 15. Qxd6 cxd6 16. Nf3 Bxe4 17. Nf4 Rac8 18. c3 d5 19. Kd2 Bc7 20. Nd3 Bd6 21. Rhf1 g5 22. g3 Kg7 23. Nfe1 Kg6 24. b4 h5 25. Nc5 Rh8 26. Rf2 h4 27. g4 h3 28. Nd7 Bf4+ 29. Rxf4 gxf4 30. Nc5 Kg5 31. c4 Rhe8 32. Nxe4+ Rxe4 33. c5 Rxd4+ 34. Nd3 Re8 35. Rc1 Re3 36. Rc3 Rexd3+ 37. Rxd3 Rxb4 38. Rxd5+ Kxg4 39. Kc3 Rb1 40. Rd4 Kf3 41. Rc4 Ke3 42. Kc2 Rb7 43. Rc3+ Ke2 44. Rxh3 f3 45. Rh6 Rc7 46. Rxf6 Rxc5+ 47. Kb3 f2 48. Kb4 Re5 49. Rxf7 f1=Q 0-1

[Event "V'la le bon vent"]
[Site "Gatineau CAN"]
[Date "2001.12.14"]
[Round "4"]
[White "Rose, Richard"]
[Black "Paquette, Jean-Guy"]
[Result "1/2-1/2"]
[WhiteElo "1726"]
[BlackElo "1436"]
[PlyCount "51"]
[GameId "2160767911484832"]
[EventDate "2001.11.23"]
[EventType "swiss"]
[EventRounds "4"]
[EventCountry "CAN"]

1. e4 c5 2. d4 cxd4 3. c3 Nc6 4. cxd4 e6 5. d5 Bb4+ 6. Bd2 Bxd2+ 7. Qxd2 exd5 8. exd5 Qe7+ 9. Be2 Ne5 10. d6 Qe6 11. b3 Nh6 12. Nc3 a6 13. Rc1 O-O 14. Kf1 b5 15. Nf3 Bb7 16. Re1 Bxf3 17. Bxf3 Nxf3 18. gxf3 Qh3+ 19. Kg1 Qxf3 20. Re3 Qc6 21. Nd5 Kh8 22. Ne7 Qc5 23. Rh3 Nf5 24. Rh5 Qxd6 25. Qxd6 Nxd6 26. Rd5 1/2-1/2

[Event "Vernon Silver Star op"]
[Site "Vernon CAN"]
[Date "2001.11.11"]
[Round "3"]
[White "Yoos, John"]
[Black "Stanford, Mike"]
[Result "0-1"]
[WhiteElo "2360"]
[BlackElo "2254"]
[PlyCount "110"]
[GameId "2160767911484960"]
[EventDate "2001.11.10"]
[EventType "swiss"]
[EventRounds "6"]
[EventCountry "CAN"]
[SourceTitle "EXT 2022"]
[Source "ChessBase"]
[SourceDate "2021.10.06"]
[SourceVersion "1"]
[SourceVersionDate "2021.10.06"]
[SourceQuality "1"]

1. e4 e5 2. f4 exf4 3. Nf3 d5 4. exd5 Nf6 5. Bc4 Nxd5 6. O-O Be6 7. Qe2 Nc6 8. d4 Be7 9. Bb5 a6 10. Bxc6+ bxc6 11. Ne5 Qd6 12. Na3 Nb6 13. Rd1 g5 14. c4 Nd7 15. Nf3 Rg8 16. Qd3 g4 17. Ne1 O-O-O 18. Qf1 f3 19. g3 Bf6 20. Nec2 c5 21. dxc5 Qxc5+ 22. Be3 Qa5 23. Nd4 Ne5 24. c5 Bd5 25. Kf2 Bg5 26. Bxg5 Rxg5 27. Rac1 Rg6 28. Nf5 Re6 29. Ne3 Be4 30. Rxd8+ Kxd8 31. Rd1+ Ke8 32. Nac4 Qxc5 33. Nxe5 Qxe5 34. Nxg4 Qxb2+ 35. Kg1 Qxa2 36. Nf2 Qe2 37. Qh3 Bf5 38. Qf1 c5 39. g4 Bc2 40. Ra1 Qxf1+ 41. Kxf1 c4 42. Ra5 Rc6 43. Re5+ Kd7 44. Re3 c3 45. Re1 a5 46. Rc1 Bg6 47. h4 h6 48. h5 Bh7 49. Nd1 c2 50. Ne3 Ke6 51. Kf2 Be4 52. Nf1 Ke5 53. Ke3 Rb6 54. Nd2 Rb1 55. Nxf3+ Kd5 0-1

[Event "Vers la maitrise II"]
[Site "Montreal CAN"]
[Date "2001.05.04"]
[Round "2"]
[White "Bolduc, Steve"]
[Black "Trinh, Tri Bao"]
[Result "1-0"]
[WhiteElo "2205"]
[BlackElo "1922"]
[PlyCount "111"]
[GameId "2160767911564840"]
[EventDate "2001.05.04"]
[EventType "tourn"]
[EventRounds "9"]
[EventCountry "CAN"]
[SourceTitle "hb 2011"]

1. Nf3 d5 2. d4 Nf6 3. c4 e6 4. cxd5 exd5 5. Bf4 Be7 6. Qc2 c6 7. h3 O-O 8. e3 Nbd7 9. Bd3 Re8 10. Nbd2 Nf8 11. Ne5 Be6 12. g4 Rc8 13. Nb3 a5 14. Kf1 c5 15. Nxc5 Bxc5 16. dxc5 d4 17. e4 N6d7 18. Nxd7 Nxd7 19. Bd6 Nxc5 20. Bxc5 Qg5 21. Qa4 Qxc5 22. Kg2 h5 23. Rac1 Qg5 24. Qb5 Qf4 25. Rxc8 Rxc8 26. Qxh5 Qd2 27. Qb5 Rd8 28. Be2 d3 29. Bf3 Rc8 30. Rd1 Qc2 31. Qxd3 Qxd3 32. Rxd3 Rc2 33. b3 Rxa2 34. Bd1 Ra3 35. f4 a4 36. Rd8+ Kh7 37. bxa4 Bb3 38. Bxb3 Rxb3 39. Rd7 Rb4 40. Rxf7 Rxe4 41. f5 Kg8 42. Rxb7 Rxa4 43. Kg3 Ra6 44. Kh4 Rh6+ 45. Kg3 Ra6 46. h4 Ra3+ 47. Kf4 Ra4+ 48. Kg5 Ra6 49. Re7 Rb6 50. Re6 Rb7 51. Kg6 Rb8 52. h5 Rf8 53. h6 Rd8 54. hxg7 Rd6 55. Kf6 Ra6 56. Rxa6 1-0

[Event "Vers la maitrise II"]
[Site "Montreal CAN"]
[Date "2001.05.05"]
[Round "3"]
[White "Fillion, Steve"]
[Black "Bolduc, Steve"]
[Result "0-1"]
[WhiteElo "2141"]
[BlackElo "2205"]
[PlyCount "38"]
[GameId "2160767911564841"]
[EventDate "2001.05.04"]
[EventType "tourn"]
[EventRounds "9"]
[EventCountry "CAN"]
[SourceTitle "hb 2011"]

1. d4 Nf6 2. c4 e6 3. Nf3 c5 4. Nc3 cxd4 5. Nxd4 Bb4 6. Ndb5 a6 7. Nd6+ Ke7 8. Bf4 Qa5 9. Qd3 Nc6 10. e4 Ne5 11. Nxc8+ Raxc8 12. Qd4 Nc6 13. Qd3 Nxe4 14. O-O-O Nxc3 15. Bd6+ Bxd6 16. Qxd6+ Kf6 17. Rd3 Nxa2+ 18. Kb1 Qe1+ 19. Kxa2 Nb4+ 0-1